000 00752nam a22002537a 4500
003 dpl
005 20180625122110.0
008 180625b xxu||||| |||| 00| 0 eng d
010 _aA-950984
020 _c225.00
_a8120312627
035 _aA-950984, A-950988
037 _bCen Lib/Ret
040 _aDPL
_bEN
_c0
082 _a660
_bPUS
100 _aPushpavanam.S.
_920163
245 _aMathmatical methods in chemical engineering /
_cby S.Pushpavanam
260 _aNew Delhi
_bPrentice hall
_c1998
270 _aB-14, Connaught Circus
_bNew Delhi
_e110001
300 _a327p.
_c22cm(Hb)
500 _aIncludes index
650 _aMathmatics
_920164
650 _aChemical Engineering
_920165
942 _2ddc
_cEN
_h660
_mPUS
999 _c127328
_d127328